000 00774nam a2200241Ia 4500
003 OSt
005 20220923224532.0
006 a|||||r|||| 00| 0
007 ta
008 220922b |||||||| |||| 00| 0 pan d
020 _c250
024 _a240,525
037 _b172, 24/10/2009, H.K. Prakashan
_cTextual
040 _aARTS
_cARTS
_bpan
041 _2pan
_apan
082 _aV1z7, 153P7
100 _aਮੱਡ, ਸੁਰਿੰਦਰ
245 0 _aਸਾਡੇ ਸਮਿਆਂ ਦਾ ਸੱਚ
260 _aਦਿੱਲੀ
_b ਵਿFਾਲ ਪਬਲਿFਿੰਗ ਕੰਪਨੀ
_c2007
300 _a258ਪੰ
_ccm.
942 _hV1z7, 153P7
_cTEXL
_2CC
999 _c372040
_d372040